Central Library OPAC University of Rajshahi

নারী ও সমাজ : (Record no. 59059)

MARC details
000 -LEADER
fixed length control field 01010nam a2200241 a 4500
001 - CONTROL NUMBER
control field 59059
003 - CONTROL NUMBER IDENTIFIER
rucl marc code BD-RjUL
005 - DATE AND TIME OF LATEST TRANSACTION
control field 20211209080705.0
008 - FIXED-LENGTH DATA ELEMENTS--GENERAL INFORMATION
fixed length control field 161220s2005 bg ||||| |||| 00| p ben d
020 ## - INTERNATIONAL STANDARD BOOK NUMBER
International Standard Book Number 9848557601
Terms of availability : Tk. 150.00
035 ## - SYSTEM CONTROL NUMBER
System control number (BD-RjUL) 59183
040 ## - CATALOGING SOURCE
Original cataloging agency BD-RjUL
Language of cataloging ben
Transcribing agency BD-RjUL
Modifying agency BD-RjUL
041 ## - LANGUAGE CODE
Language code of text/sound track or separate title ben
082 ## - DEWEY DECIMAL CLASSIFICATION NUMBER
Edition number 23
Classification number 305.4
Author mark and year NAR 2005
245 10 - TITLE STATEMENT
Title নারী ও সমাজ :
Remainder of title সংবানপত্রের পৃষ্ঠা থেকে /
Statement of responsibility, etc. সংকলন ও সম্পাদনা নমিতা খান, ভূমিকা গীতি আরা নাসরীন
260 ## - PUBLICATION, DISTRIBUTION, ETC. (IMPRINT)
Place of publication, distribution, etc. ঢাকা :
Name of publisher, distributor, etc. সূচীপত্র,
Date of publication, distribution, etc. ২০০৫
300 ## - PHYSICAL DESCRIPTION
Pagination ২০৭ পৃ. ;
Size ২১ সেমি.
650 ## - SUBJECT ADDED ENTRY--TOPICAL TERM
Topical term or geographic name as entry element নারী
9 (RLIN) 147985
Topical term or geographic name as entry element Woman
9 (RLIN) 147986
700 ## - ADDED ENTRY--PERSONAL NAME
Personal name খান, নমিতা সংকলন ও সম্পাদনা
Personal name নাসরীন, গীতি আরা ভূমিকা
942 ## - ADDED ENTRY ELEMENTS (KOHA)
Source of classification or shelving scheme Dewey Decimal Classification
Koha item type Books
Holdings
Lost status Source of classification or shelving scheme Damaged status Not for loan Collection code Permanent Location Current Location Shelving location Date acquired Source of acquisition Total Checkouts Full call number Date last seen Copy number Koha item type
  Dewey Decimal Classification   Not For Loan Non-fiction Central Library, University of Rajshahi Central Library, University of Rajshahi Reading Room 28/08/2005 Gift   B 305.4 NAR 2005 20/12/2016 C-1 Books